Southville International School and Colleges
Your cart is empty.
  • Cart
  • Lists
    Public lists Eva Luna New books Lux_list list_1
    Your lists Log in to create your own lists
  • Log in to your account
  • Your cookies
  • Search history
Southville International School and Colleges
  • Advanced search
  • Recent comments
  • Most popular
  • Libraries

Log in to your account

Log in with GOOGLE


If you do not have an external account, but do have a local account, you can still log in:

  1. Home
  2. MARC view: True survival stories /
Normal view MARC view ISBD view

True survival stories / (Record no. 298578)

[ view plain ]
MARC details
000 -LEADER
fixed length control field 00444nam a2200181Ia 4500
008 - FIXED-LENGTH DATA ELEMENTS--GENERAL INFORMATION
fixed length control field 160803s9999 xx 000 0 und d
020 ## - INTERNATIONAL STANDARD BOOK NUMBER
International Standard Book Number 9780439791014
100 ## - MAIN ENTRY--PERSONAL NAME
Personal name Dowsell, Paul
245 ## - TITLE STATEMENT
Title True survival stories /
245 ## - TITLE STATEMENT
Statement of responsibility, etc Paul Dowswell.
260 ## - PUBLICATION, DISTRIBUTION, ETC. (IMPRINT)
Place of publication, distribution, etc New York :
260 ## - PUBLICATION, DISTRIBUTION, ETC. (IMPRINT)
Name of publisher, distributor, etc Scholastic Inc.
260 ## - PUBLICATION, DISTRIBUTION, ETC. (IMPRINT)
Date of publication, distribution, etc 2005
300 ## - PHYSICAL DESCRIPTION
Extent 141 pages :
300 ## - PHYSICAL DESCRIPTION
Dimensions 20 cm.
700 ## - ADDED ENTRY--PERSONAL NAME
Personal name 1080
700 ## - ADDED ENTRY--PERSONAL NAME
Personal name Survival : Usborne true stories.
Holdings
Withdrawn status Lost status Damaged status Home library Current library Shelving location Date acquired Total Checkouts Barcode Date last seen Price effective from Koha item type
      Stonyhurst Southville International School (Batangas) Stonyhurst Southville International School (Batangas) Lexiled 08/03/2016   SC-504 08/03/2016 08/03/2016 Books

True survival stories /

APA

Dowsell P., 1080 & Survival : Usborne true stories.True survival stories. New York: .

Chicago

Dowsell Paul, 1080 and Survival : Usborne true stories.True survival stories. New York: .

Harvard

Dowsell P., 1080 and Survival : Usborne true stories.True survival stories. New York: .

MLA

Dowsell Paul, 1080 and Survival : Usborne true stories.New York: . .

  • Place hold
  • Print
  • Cite
  • Add to your cart (remove)
  • Save record
    BIBTEX Dublin Core MARCXML MARC (non-Unicode/MARC-8) MARC (Unicode/UTF-8) MARC (Unicode/UTF-8, Standard) MODS (XML) RIS
  • More searches
    Search for this title in:
    Other Libraries (WorldCat) Other Databases (Google Scholar) Online Stores (Bookfinder.com) Open Library (openlibrary.org)

Exporting to Dublin Core...

SOUTHVILLE LIBRARY

Southville International School and Colleges Library

1281 Tropical Ave. Cor. Luxembourg St., BF Homes International, Las Pinas City

Tel. No. 8256374 / 252358 Loc. 117/146

Powered by Koha